| 000 | 00690nas a2200205 a 4500 | ||
|---|---|---|---|
| 022 | 0 | _a0883-7252 | |
| 040 | _cNSDP | ||
| 082 | 0 | 0 | _a330 WIL 1986 C158 Or. |
| 245 | 1 | 0 | _aJournal of applied econometrics. |
| 246 | 1 | _aSpecial issue; the econometrics of social insurance. | |
| 246 | 3 | 0 | _aApplied econometrics. |
| 260 |
_aChichester ; _aNew York : _bWiley, _cc1986- |
||
| 300 |
_av. : _bill. ; _c26 cm. |
||
| 500 | _aTitle from cover. | ||
| 500 | _aLatest issue consulted: Vol. 21, no. 2 (March 2006) | ||
| 650 | 0 | _aEconometrics | |
| 710 | 2 | _aJSTOR (Organization) | |
| 856 | 4 | 0 | _uhttp://TK3YL7ST4M.search.serialssolutions.com/?V=1.0&L=TK3YL7ST4M&S=JCs&C=JOUROFAPPEC&T=marc |
| 942 | _cAEDBB | ||
| 999 |
_c19020 _d19020 |
||